Paroles- Roi, Bilal Hassani - Statistiques

Statistiques générales
  • Ce quiz a été pris 45 fois
  • Le résultat moyen est 178 sur 300
Statistiques - réponses
Paroles % Correct
I
97%
Je
97%
je
97%
suis
93%
a
90%
un
90%
roi
86%
ça
83%
Ça
83%
Quand
83%
to
83%
l'a
79%
ma
79%
ou
79%
pas
79%
rêve
79%
am
76%
me
76%
Moi
76%
moi
76%
Ne
76%
ne
76%
le
72%
And
69%
and
69%
be
69%
bright
69%
kingdom
69%
oui
69%
qui
69%
vie
69%
can
66%
j'invente
66%
my
66%
now
66%
shining
66%
tout
66%
You
66%
you
66%
Et
62%
et
62%
free
62%
I'm
62%
les
62%
not
62%
depuis
59%
in
59%
know
59%
petit
59%
always
55%
but
55%
même
55%
malgré
52%
regards
52%
see
52%
will
52%
avis
48%
dans
48%
laisse
48%
rich
48%
beaucoup
45%
codes
45%
dérange
45%
down
45%
like
45%
m'envoler
45%
put
45%
When
45%
when
45%
Alors
41%
day
41%
demandez
41%
J'suis
41%
box
38%
Ce
38%
ci
38%
comme
38%
crown
38%
the
38%
change
34%
mais
34%
regarde
34%
ris
34%
sa
34%
Sa
34%
fais
31%
pleure
31%
take
31%
Toutes
31%
voix
31%
want
31%
cannot
28%
ces
28%
never
28%
of
28%
on
28%
On
28%
At
24%
cala
24%
casse
24%
passe
24%
sors
24%
Who
24%
amis
21%
boo
21%
break
21%
choisi
21%
end
21%
remove
21%
even
17%
ses
17%
though
17%
tried
17%
coiffure
14%
est
14%
parfois
14%
qu'on
14%
travail
14%
we
14%
are
10%
aussi
10%
choisit
10%
l'amour
10%
routine
10%
Son
10%
for
7%
Only
7%
fight
3%
God
3%
judge
3%
hide
0%
Aucun quiz correspondant
Distribution des résultats
% des personnes avec chaque résultat
Percentile par nombre de réponses
Votre historique - résultats
Vous n’avez pas pris ce quiz